000 00538nam a22002177a 4500
003 UA-OsUOA
001 88149
007 ta
008 20121002b un ||||| |||| 00| 0 ukr d
090 _a94(4)
_bВ42
942 _cBK
040 _aUA-OsUOA
_brus
_cUA-OsUOA
_dUA-OsUOA
245 _aВизантийские очерки
300 _a248 с.
955 _a2
041 _arus
080 _a94(4)
260 _aМ.
_bНаука
_c1977
650 7 _a9 Географія. Біографії. Історія
_2UDC
999 _c374536
_d374536